00630 2200229 4500001002100000005001700021008004100038035002400079082001200103090002200115100002800137245006900165250001000234260003600244300002400280440003100304650001800335850001500353980001300368985000600381999001300387YOGYA-0209000003256220090227024708.0 ind  0010-020900000032562 a347.017 a347.017bPro PlT aPROJOHAMIJOYO, Martiman aPenasihat dan organisasi bantuan hukumcMartiman Prodjohamidjojo aCet.1 aJakartabGhalia Indonesiac1982 a31 hlmbilusc21 cm aSeri Pemerataan Keadilan 5 aBantuan hukum aYOPDYOG(B) a25-12-06 a2 a06A00177